000 02517cam a22004094a 4500
999 _c234692
_d234692
001 15660623
003 Nust
005 20170329131716.0
008 090313s2009 dcuab b 000 0 eng d
010 _a 2009924737
020 _a9780309130578 (pbk.)
020 _a0309130573 (pbk.)
035 _a(OCoLC)ocn310392632
040 _aYDXCP
_cYDXCP
_dBTCTA
_dMDT
_dCDX
_dIAY
_dBWX
_dUBY
_dOBE
_dAGX
_dDLC
042 _alccopycat
043 _an-us---
050 0 0 _aGB1399.3
_b.M37 2009
082 _a363.3493 MAP
245 0 0 _aMapping the zone :
_bimproving flood map accuracy /
_cCommittee on FEMA Flood Maps, Board on Earth Sciences and Resources/Mapping Science Committee, Water Science and Technology Board, National Research Council of the National Academies.
260 _aWashington, D.C. :
_bNational Academies Press,
_cc2009.
300 _axiv, 122 p. :
_bill. (chiefly col.), maps (chiefly col.) ;
_c28 cm.
500 _aThe full text can be viewed online and the summary can be downloaded for free.
500 _a"This study was requested by managers of FEMA's Risk Analysis Division and the National Oceanic and Atmospheric Administration's (NOAA's) Coastal Services Center, supported by NOAA's National Weather Service, National Geodetic Survey, and Coast Survey Development Laboratory."--P. ix.
504 _aIncludes bibliographical references (p. 101-104).
505 0 _aIntroduction -- Flood mapping and flood insurance -- Elevation and height data -- Inland flooding -- Coastal flooding -- Benefits and costs of accurate flood mapping -- Mapping and risk communication : moving to the future.
650 0 _aFlood forecasting
_zUnited States
_vMaps.
650 0 _aFloods
_zUnited States
_vMaps.
650 0 _aFloodplain management
_zUnited States.
650 0 _aAerial photography in watershed management
_zUnited States.
650 0 _aFloodplains
_xMonitoring
_zUnited States
_vMaps.
710 2 _aNational Research Council (U.S.).
_bCommittee on FEMA Flood Maps.
710 2 _aNational Research Council (U.S.).
_bMapping Science Committee.
710 2 _aNational Research Council (U.S.).
_bWater Science and Technology Board.
710 1 _aUnited States.
_bFederal Emergency Management Agency.
710 1 _aUnited States.
_bNational Oceanic and Atmospheric Administration.
856 4 1 _uhttp://www.nap.edu/catalog.php?record_id=12573
_zOnline version in Open Book format
906 _a7
_bcbc
_ccopycat
_d2
_encip
_f20
_gy-gencatlg
942 _2ddc
_cBK